[Event "Ufa Gumerov Memorial op"]
[Site "Ufa"]
[Date "2012.08.03"]
[Round "3"]
[White "Zhitnikov, Sergey"]
[Black "Kinzjabulatov, Renat"]
[Result "0-1"]
[WhiteElo "2320"]
[BlackElo "2046"]
[PlyCount "85"]
[EventDate "2012.08.01"]
[EventType "swiss"]
[EventRounds "9"]
[EventCountry "RUS"]
[SourceTitle "EXT 2013"]
[Source "ChessBase"]
[SourceDate "2012.11.22"]
[SourceVersion "1"]
[SourceVersionDate "2012.11.22"]
[SourceQuality "1"]

1. Nf3 c5 2. c4 Nf6 3. Nc3 g6 4. d4 Bg7 5. e4 0-0 6. Be2 d6 7. 0-0 Nc6 8. d5 Nb4 9. Bf4 Nh5 10. Bg5 h6 11. Be3 Na6 12. Ne1 Nf6 13. Qd2 Kh7 14. f4 Nc7 15. Kh1 Rb8 16. Rb1 a6 17. b4 b5 18. bxc5 b4 19. Qc2 Bg4 20. cxd6 exd6 21. Bxg4 Nxg4 22. Nd1 Nxe3 23. Nxe3 Re8 24. Nf3 a5 25. e5 Na6 26. Nd4 Qb6 27. Rbd1 Nc5 28. Nc6 Rb7 29. Ng4 a4 30. f5 b3 31. axb3 axb3 32. Qb1 dxe5 33. fxg6+ fxg6 34. Rf6 e4 35. Rdf1 b2 36. Rf7 Rxf7 37. Rxf7 Kg8 38. Rf6 Qb3 39. Rf1 Qd3 40. Qe1 Rf8 41. Ne7+ Kh7 42. Rg1 h5 43. Nf2 0-1

[Event "Ufa op"]
[Site "Ufa"]
[Date "2010.11.28"]
[Round "9"]
[White "Kinzjabulatov, Renat"]
[Black "Gumerov, Renant"]
[Result "0-1"]
[WhiteElo "2023"]
[BlackElo "2203"]
[PlyCount "120"]
[EventDate "2010.11.20"]
[EventType "swiss"]
[EventRounds "9"]
[EventCountry "RUS"]
[SourceTitle "CBM 139 Extra"]
[Source "ChessBase"]
[SourceDate "2011.01.05"]
[SourceVersion "1"]
[SourceVersionDate "2011.01.05"]
[SourceQuality "1"]

1. e4 e6 2. d4 d5 3. Nc3 Nc6 4. Nf3 Nf6 5. Bg5 Be7 6. e5 Ne4 7. Be3 Bb4 8. Qd3 f5 9. exf6 Qxf6 10. Be2 0-0 11. 0-0 Nxc3 12. bxc3 Bd6 13. c4 b6 14. Qc3 Bb7 15. Rab1 h6 16. c5 Bf4 17. g3 Bxe3 18. Qxe3 Rae8 19. Ne5 Nxe5 20. dxe5 Qf5 21. c3 Qh3 22. Qd4 h5 23. Rfd1 Ba8 24. Bf1 Qf5 25. f4 h4 26. Bg2 hxg3 27. hxg3 Qg4 28. Rd3 g5 29. fxg5 Qxg5 30. cxb6 axb6 31. Rb4 Rf5 32. Qh4 Qxh4 33. Rxh4 Rxe5 34. Rf3 Rg5 35. g4 Bc6 36. Rf6 Kg7 37. Rfh6 Kf7 38. Kh2 Reg8 39. Kg3 Bd7 40. Rh7+ R8g7 41. Kf4 Rxh7 42. Rxh7+ Rg7 43. Rxg7+ Kxg7 44. Ke5 Kg6 45. g5 Bc8 46. Bh3 b5 47. a3 c5 48. Bf1 c4 49. Bh3 Kxg5 50. Bxe6 Bxe6 51. Kxe6 d4 52. cxd4 c3 53. d5 c2 54. d6 c1Q 55. d7 Qe3+ 56. Kf7 Qf4+ 57. Ke8 Qe5+ 58. Kf7 Qf6+ 59. Ke8 Qe6+ 60. Kd8 Kf6 0-1

[Event "Ufa op"]
[Site "Ufa"]
[Date "2010.11.25"]
[Round "6"]
[White "Kutlyarov, Aleksandr"]
[Black "Kinzjabulatov, Renat"]
[Result "1/2-1/2"]
[WhiteElo "2117"]
[BlackElo "2023"]
[PlyCount "109"]
[EventDate "2010.11.20"]
[EventType "swiss"]
[EventRounds "9"]
[EventCountry "RUS"]
[SourceTitle "CBM 139 Extra"]
[Source "ChessBase"]
[SourceDate "2011.01.05"]
[SourceVersion "1"]
[SourceVersionDate "2011.01.05"]
[SourceQuality "1"]

1. d4 Nf6 2. Nf3 c5 3. c4 cxd4 4. Nxd4 e5 5. Nb5 d5 6. cxd5 Bc5 7. N1c3 0-0 8. d6 a6 9. Nc7 Ra7 10. e3 Bxd6 11. N7d5 Nc6 12. Bc4 e4 13. Nxf6+ Qxf6 14. Nxe4 Bb4+ 15. Ke2 Qg6 16. Ng3 Qg4+ 17. f3 Qxc4+ 18. Kf2 Rd8 19. Qe2 Be6 20. a3 Bc5 21. b4 Be7 22. Bb2 Qb3 23. Rhc1 Bc4 24. Rxc4 Rd3 25. Rac1 Ra8 26. R4c3 Rxc3 27. Rxc3 Qe6 28. Rd3 Ne5 29. Bxe5 Qxe5 30. Qc2 g6 31. f4 Qe6 32. Qb3 Qf6 33. Qc3 Qe6 34. Qb3 Qf6 35. Qc3 Qxc3 36. Rxc3 a5 37. bxa5 Rxa5 38. Rc7 Bc5 39. Ne4 Ba7 40. Rxb7 Rxa3 41. Nf6+ Kg7 42. Nd5 Bc5 43. Rc7 Ra5 44. Rd7 Ra3 45. Kf3 Rd3 46. g4 Rd2 47. h4 Rh2 48. g5 Rxh4 49. Rc7 Bd6 50. Rd7 Bc5 51. Rc7 Bf8 52. Nf6 Rh3+ 53. Ke4 h6 54. Ne8+ Kg8 55. Nf6+ 1/2-1/2

[Event "Ufa op"]
[Site "Ufa"]
[Date "2010.11.22"]
[Round "3"]
[White "Kunakbaev, Ilnur"]
[Black "Kinzjabulatov, Renat"]
[Result "1-0"]
[WhiteElo "2169"]
[BlackElo "2023"]
[PlyCount "105"]
[EventDate "2010.11.20"]
[EventType "swiss"]
[EventRounds "9"]
[EventCountry "RUS"]
[SourceTitle "CBM 139 Extra"]
[Source "ChessBase"]
[SourceDate "2011.01.05"]
[SourceVersion "1"]
[SourceVersionDate "2011.01.05"]
[SourceQuality "1"]

1. d4 Nf6 2. Nf3 c5 3. c4 cxd4 4. Nxd4 e5 5. Nb5 d5 6. cxd5 Bc5 7. e3 0-0 8. Be2 Bf5 9. N5c3 Nbd7 10. Nd2 e4 11. Nb3 Bd6 12. 0-0 Nb6 13. Nd4 Bg6 14. Ndb5 Bc5 15. b4 Bxb4 16. Qb3 Bc5 17. Rd1 a6 18. Ba3 Nbd7 19. Nd4 Qa5 20. Bb2 Bd6 21. Rab1 Nc5 22. Qc2 Rac8 23. Nb3 Nxb3 24. Qxb3 b5 25. Rbc1 Bf5 26. Nb1 Ng4 27. h3 Ne5 28. Nd2 Rxc1 29. Bxc1 Rc8 30. Bb2 h6 31. Bd4 Nd7 32. Bg4 g6 33. Bxf5 gxf5 34. f3 Bb4 35. Nf1 exf3 36. gxf3 Bd6 37. Qb1 Qa4 38. Rd2 Be5 39. Qxf5 Bxd4 40. Qxd7 Bxe3+ 41. Nxe3 Rc1+ 42. Nf1 Qf4 43. Qg4+ Qxg4+ 44. hxg4 Kf8 45. Kf2 a5 46. Ne3 Ke7 47. Nf5+ Kd7 48. Nxh6 b4 49. Nxf7 a4 50. d6 b3 51. axb3 axb3 52. Ne5+ Ke6 53. d7 1-0